00666nam a2200193Ia 4500952014700000999001700147003000400164005001700168008004100185020001800226040000900244082002200253100003700275245005600312260003200368300000900400650001300409942005000422 00102ddc40708SSaMESbMEScMALd2019-02-20g120.00l3m3o894.812301 POY/Tp36943r2025-03-21 14:48:09s2025-03-17w2019-02-20yBKzGR30R3 c29913d29913OSt20210107111039.0190216s9999||||xx |||||||||||||| ||und|| a9788126419593 coclc a894.812301bPOY/T aPoythumkadavu, Shihabuddin96426 0aThiranjedutha Kathakal /cShihabuddin Poythumkadavu bDc Books,c2012.aKottayam: a192p aKathakal cBK2ddch894.812301iPOY/Tk894.812301mPOY/T